UM Logo

Introduction to psychology/ (Record no. 6495)

MARC details
000 -LEADER
fixed length control field 00572nam a2200169 4500
008 - FIXED-LENGTH DATA ELEMENTS--GENERAL INFORMATION
fixed length control field 170330b xxu||||| |||| 00| 0 eng d
020 ## - INTERNATIONAL STANDARD BOOK NUMBER
International Standard Book Number 0-534-25014-9
082 ## - DEWEY DECIMAL CLASSIFICATION NUMBER
Edition number 1996
Classification number DC 150
Item number K12
100 ## - MAIN ENTRY--PERSONAL NAME
9 (RLIN) 19648
Personal name Kalat, James W.
245 ## - TITLE STATEMENT
Title Introduction to psychology/
Statement of responsibility, etc. James W. Kalat.
250 ## - EDITION STATEMENT
Edition statement 4th Edition.
260 ## - PUBLICATION, DISTRIBUTION, ETC. (IMPRINT)
Place of publication, distribution, etc. Pacific Groove, California:
Name of publisher, distributor, etc. Brooks/Cole Publishing Company,
Date of publication, distribution, etc. c1996.
300 ## - PHYSICAL DESCRIPTION
Extent xxxvi, 765 pages:
Other physical details color illustrations;
Dimensions 28 cm.
500 ## - GENERAL NOTE
General note Includes bibliographical references and indexes.
650 #0 - SUBJECT ADDED ENTRY--TOPICAL TERM
9 (RLIN) 19649
Topical term or geographic name as entry element Psychology.
942 ## - ADDED ENTRY ELEMENTS (KOHA)
Source of classification or shelving scheme Dewey Decimal Classification
Koha item type Circulation
Holdings
Withdrawn status Lost status Source of classification or shelving scheme Damaged status Not for loan Collection code Home library Current library Date acquired Source of acquisition Total Checkouts Full call number Barcode Date last seen Copy number Price effective from Koha item type
    Dewey Decimal Classification     Circulation UM Digos College - LIC UM Digos College - LIC 10/29/1996 Purchased   DC 150 K12 1996 12146 05/15/2025 1 03/30/2017 Circulation